| 000 -LEADER |
| fixed length control field |
00440cam a22001217a 4500 |
| 008 - FIXED-LENGTH DATA ELEMENTS--GENERAL INFORMATION |
| fixed length control field |
180718b1961 xxu||||| |||| 00| 0 eng d |
| 082 ## - DEWEY DECIMAL CLASSIFICATION NUMBER |
| Classification number |
T312x73 P293 |
| 100 ## - MAIN ENTRY--PERSONAL NAME |
| Personal name |
Payne, Wilson F. |
| 245 ## - TITLE STATEMENT |
| Title |
Industrial demands upon the money market, 1919-57: a study in fund- flow analysis |
| Statement of responsibility, etc. |
by Wilson F. Payne |
| 260 ## - PUBLICATION, DISTRIBUTION, ETC. |
| Place of publication, distribution, etc. |
New York |
| Name of publisher, distributor, etc. |
National Bureau of Economic Research |
| Date of publication, distribution, etc. |
1961 |
| 300 ## - PHYSICAL DESCRIPTION |
| Extent |
xix, 139p. |
| 650 ## - SUBJECT ADDED ENTRY--TOPICAL TERM |
| Topical term or geographic name entry element |
Corporations --United States --Finance |